Lucy Dacus - Direct Adress (Lyrics) - Statistics

General Stats
  • This quiz has been taken 11 times
  • The average score is 230 of 272
Answer Stats
Answer % Correct
a
100%
about
100%
am
100%
and
100%
And
100%
are
100%
back
100%
but
100%
But
100%
can't
100%
could've
100%
curiosity
100%
every
100%
gone
100%
have
100%
here
100%
I
100%
in
100%
inside
100%
it
100%
it's
100%
It's
100%
just
100%
kids
100%
know
100%
knowing
100%
laughing
100%
life
100%
mind
100%
my
100%
not
100%
now
100%
out
100%
say
100%
see
100%
something
100%
that
100%
the
100%
then
100%
there
100%
they
100%
to
100%
under
100%
understanding
100%
unfair
100%
want
100%
wasn't
100%
were
100%
what
100%
when
100%
where
100%
whole
100%
with
100%
without
100%
worth
100%
You
100%
you
100%
ahead
75%
at
75%
away
75%
barely
75%
believe
75%
breathing
75%
chokehold
75%
closer
75%
come
75%
Come
75%
dead
75%
don't
75%
door
75%
enough
75%
exactly
75%
exchange
75%
eyes
75%
face
75%
fall
75%
feel
75%
first
75%
for
75%
from
75%
front
75%
get
75%
gonna
75%
had
75%
hard
75%
his
75%
home
75%
Honesty
75%
I'll
75%
I'm
75%
is
75%
kiss
75%
knock
75%
let
75%
like
75%
lips
75%
love
75%
man
75%
me
75%
mine
75%
moving
75%
murderer
75%
of
75%
on
75%
open
75%
person
75%
put
75%
ran
75%
recover
75%
remember
75%
row
75%
short
75%
show
75%
sight
75%
sleeve
75%
smile
75%
still
75%
trying
75%
turned
75%
turning
75%
walk
75%
wearing
75%
wide
75%
wonder
75%
years
75%
your
75%
you're
75%
yours
75%
ago
50%
all
50%
Dark
50%
drugs
50%
features
50%
frame
50%
got
50%
how
50%
if
50%
leaning
50%
looked
50%
maybe
50%
name
50%
right
50%
sold
50%
soul
50%
stiff
50%
tell
50%
thinking
50%
thought
50%
tracks
50%
used
50%
would
50%
would've
50%
No matching quizzes found
Score Distribution
Percent of People with Each Score
Percentile by Number Answered
Your Score History
You have not taken this quiz